| 000 | 01050nam a2200205Ii 4500 | ||
|---|---|---|---|
| 003 | JO-AjNU | ||
| 008 | 230605s9999||||xx |||||||||||||| ||und|| | ||
| 017 | _a2008/8/3017 | ||
| 040 |
_aJO-AjNU _bara _erda _cJO-AjNU |
||
| 041 | _aara | ||
| 050 | 1 | 4 | _aDS36.85.A27 2009 |
| 100 | 3 |
_aأبوحسان، محمد, _eauthor _933598 |
|
| 245 | 0 | 0 | _aدور الحضارة العربية الاسلامية في تكوين الحضارة الغربية: مقارنة مع الحضارتين اليونانية والرومانية = the Role of arab - Islamic of civilization in the making of western civilization |
| 264 | 3 | 1 | _aعمان: وزارة الثقافة،2009 |
| 300 | _a468ص باللغة العربية/214ص باللغة الانجليزية | ||
| 336 |
_atext _btxt _2rdacontent |
||
| 337 |
_aunmediated _bn _2rdamedia |
||
| 338 |
_avolume _bnc _2rdacarrier |
||
| 650 | 4 |
_aالحضارة العربية الاسلامية -الحضارة الغربية - تاريخ، الحضارة اليونانية- الحضارة الرومانية _933599 |
|
| 999 |
_aA13692 _c17260 _d17260 |
||